000 01463cam a22004214i 4500
003 PE-LiUPU
005 20250731173254.0
008 150625s r 000 0 d
035 _a(Sirsi) a35656
040 _aPE-LiUPU
_bspa
_cPE-LiUPU
_erda
082 0 4 _a232.9
_bCR1
_221
100 1 _aPalau, Maria Eulalia,
_eautor.
245 1 0 _aYeshúa vida y mensaje /
_cMaria Eulalia Palau.
264 1 _aBarcelona :
_bBruño,
_c1977.
300 _a125 páginas :
_bilustraciones, fotos ;
_c22 cm.
336 _atext
_2rdacontent
337 _aunmediated
_2rdamedia
338 _avolume
_2rdacarrier
505 0 _aIsrael, el Pueblo de Jesús. -La historia de Jesús de Nazaret. -Jesús de Nazaret: su vida. -Jesús de Nazaret: su mensaje. -El anuncio de Jesús vivo. Inicio de la Iglesia.
526 _aSEG42
526 _aSEG41
526 _aSEG40
526 _aSEG39
526 _aP94
526 _aP87
526 _aP86
526 _aP85
526 _aP77
526 _aP76
526 _aP35
600 1 _aJesucristo
910 _a
942 _2ddc
_cBOOK
949 _a232.9 CR1
_wDEWEY
_c1
_i37191
_lCCODEBUL1
_mBUL
_p00.00
_r0
_sY
_tBOOK
_u2015-06-25
_xBIBLIOTECA
_zUNKNOWN
_0COMPRA
_o.STAFF. Colección General
596 _a1
999 _a232.9 CR1
_wDEWEY
_c43644
_i37191
_f2021-11-10
_g5
_lCCODEBUL1
_mBUL
_r0
_sY
_tBOOK
_u2015-6-25
_xTEOLOGIA
_zUNKNOWN
_0COMPRA
_o.STAFF. Colección General
_d43644
980 _81
_gALBERTO SANCHEZ Responsable de Automatización